000 00606nam a22001817a 4500
005 20140517070242.0
008 030324s2003 ja a b 001 0 eng
020 _a9280810723
024 0 _ceng
080 _a504.06
_x(5)
245 0 0 _aEast Asian experience in environmental governance: response in a rapidly developing region /
_cedited by Zafar Adeel.
260 _aTokyo ;
_aNew York :
_bUnited Nations University Press,
_c2003.
300 _a246 F. :
_bill., map ;
_c23 cm.
504 _aIncludes bibliographical references and index f. 233-246
650 0 _aMjedisi
650 0 _aAzia
942 _2udc
_cBK
999 _c448
_d448